Total Quality Control

Αποθηκεύτηκε σε:
Λεπτομέρειες βιβλιογραφικής εγγραφής
Κύριος συγγραφέας: Feigenbaum, A. V. (Armand Vallin)
Μορφή: Βιβλίο
Γλώσσα:English
Δημοσίευση: New York : McGraw-Hill, 1991
Έκδοση:3rd ed.
Θέματα:
Ετικέτες: Προσθήκη ετικέτας
Δεν υπάρχουν, Καταχωρήστε ετικέτα πρώτοι!

MARC

LEADER 00000nam a2200000 i 4500
001 1/38522
008 950125s1991 eng d
020 |a 0-07-020354-7 
035 |a 1995  |c ΠΑΠΑΔΟΠΟΥΛΟΣ  |l 10040785 
040 |a GR-MY-UA  |b gre  |e aacr 
041 0 |a eng 
082 0 |a 658.562 
100 1 |a Feigenbaum, A. V.  |q (Armand Vallin) 
245 1 0 |a Total Quality Control /  |c A. V. Feigenbaum 
250 |a 3rd ed. 
260 |a New York :   |b McGraw-Hill,   |c 1991 
300 |a xxvii, 863 p.;  |b ill.;  |c 24 cm. 
500 |a Includes bibliographical references and index 
650 0 0 |a Quality control. 
852 |a INST  |b SAMOS  |e 19950125  |h 658.562 FEI  |p 005300006225  |q 005300006225  |t BK  |y 0 
909 |a Σ  |b 035596